Privatisation : Singapore's experience in perspective
| Other Authors: | , |
|---|---|
| Format: | Book |
| Published: |
Singapore :
Longman Singapore ,
1988
|
| Subjects: |
MARC
| LEADER | 00000cam a2200000 7i4500 | ||
|---|---|---|---|
| 001 | 0000008991 | ||
| 005 | 20150819.0 | ||
| 020 | |a 997189971 | ||
| 040 | |a INS | ||
| 090 | 0 | 0 | |a HD4300.67 |b P75 1988 |
| 245 | 1 | 0 | |a Privatisation : |b Singapore's experience in perspective |c edited by Ian Thynne and Mohamed Ariff |
| 260 | |a Singapore : |b Longman Singapore , |c 1988 | ||
| 300 | |a vii, 204p. ; |c 25cm. | ||
| 650 | 0 | |a privatization |z Singapore | |
| 651 | 0 | |a Singapore |x Economic policy | |
| 700 | 1 | |a Mohamed Ariff | |
| 700 | 1 | |a Thynne, Ian | |
| 999 | |a 0000022640 |b BOOK |c Open Shelf |e Default branch | ||